Demandas y conflicto (el poder político en un Pueblo de Morelos).

Uloženo v:
Podrobná bibliografie
Hlavní autor: Arias, Patricia (autor)
Další autoři: Bazán, Lucía (autor) (autor)
Médium: Kniha
Jazyk:španělština
Témata:
Tagy: Přidat tag
Žádné tagy, Buďte první, kdo vytvoří štítek k tomuto záznamu!

MARC

LEADER 00000cam^a2200000uu^4500
001 000467958
005 20250521000000.0
008 050901s1979^^^^^^^^^^^^rd^r^^000^0^spa^d
009 20260310124459.585
022 |a 9684290055 
035 |a FCE 000010692 
035 |a FCE 031918 
037 |a Acervo ITESO - Biblioteca 
041 |a spa 
082 0 4 |a 320.57249  |b ARId 
100 |a Arias, Patricia  |e (autor) 
245 1 0 |a Demandas y conflicto (el poder político en un Pueblo de Morelos). 
264 |a México :  |b Nueva imagen,  |c 1979. 
300 |a 180 p. 
336 |a texto  |b txt  |2 rdacontenido 
337 |a sin mediación  |b n  |2 rdamedio 
338 |a volumen  |b nc  |2 rdasoporte 
649 |a XX 
650 |a Política 
650 |a Participación de la comunidad 
650 |a Autoritarismo 
650 |a Conflicto social 
650 |a Poder 
650 |a Estudios de casos 
650 |a Morelos, México 
700 |a Bazán, Lucía  |e (autor) 
910 |a Fondo Centro de Estudios Educativos 
920 |a Impresos - Libros 
930 |a Fondos Especiales 
905 |a 133 
901 |a ALE031918  |b IT2  |c CEE  |u 20250521 
902 |a https://opac.biblio.iteso.mx/vufind/Record/000467958